| 000 | 00816nam a22002297a 4500 | ||
|---|---|---|---|
| 005 | 20251108173639.0 | ||
| 008 | 250721s2007 xx 000 0 ara d | ||
| 082 | 1 | 4 | _a364.13/فتل |
| 100 | 1 | _aالفتلاوي، سهيل حسين | |
| 245 | 1 | 0 | _aجرائم الاحتلال الأمريكي ضد أطفال العراق / |
| 246 | 1 | 1 | _athe crimes of ameican occuption : against iraq children |
| 264 | 1 |
_aعمان : _bدار الطليعة العربية للنشر و التوزيع، _c2007. |
|
| 300 | _a335 ص. | ||
| 650 | 1 | 7 | _aجرائم الحرب |
| 650 | 1 | 7 | _aانتهاك حقوق الإنسان |
| 650 | 1 | 7 | _aمجرمو الحرب |
| 650 | 1 | 7 | _aالعراق |
| 650 | 1 | 7 | _aالولايات المتحدة |
| 700 | 1 |
_aالخصاونة، زياد _eEd. |
|
| 942 |
_2ddc _cBK |
||
| 999 |
_c108974 _d108974 |
||